[Event "Mittelfrank Regionalliga Sud-Ost 2223"]
[Site "Mittelfranken"]
[Date "2023.03.19"]
[Round "8.1"]
[White "Poelt, Christoph"]
[Black "Blaskowski, Johannes"]
[Result "1/2-1/2"]
[WhiteElo "2137"]
[BlackElo "2200"]
[PlyCount "64"]
[EventDate "2022.10.09"]
[EventType "team-tourn"]
[EventRounds "9"]
[EventCountry "GER"]
[SourceTitle "EXT 2024"]
[Source "ChessBase"]
[SourceDate "2023.10.10"]
[SourceVersion "1"]
[SourceVersionDate "2023.10.10"]
[SourceQuality "1"]
[WhiteTeam "Tegernsee"]
[BlackTeam "Bruckmuehl"]
[WhiteTeamCountry "GER"]
[BlackTeamCountry "GER"]

1. d4 Nf6 2. c4 e6 3. g3 c5 4. d5 exd5 5. cxd5 d6 6. Nc3 g6 7. Bg2 Bg7 8. Nf3 0-0 9. 0-0 a6 10. a4 Re8 11. Nd2 Nbd7 12. Qc2 Rb8 13. a5 b5 14. axb6 Nxb6 15. e4 Ng4 16. Nb3 Nc4 17. Nd2 Nxd2 18. Bxd2 Ne5 19. Ra2 Nc4 20. Bf4 Qb6 21. Na4 Qb3 22. Qxb3 Rxb3 23. Rc1 Ne5 24. Bf1 g5 25. Bxe5 Bxe5 26. Bc4 Rb4 27. b3 Bd4 28. Nc3 Rb6 29. Na4 Rb8 30. Re1 Bf5 31. Nb2 Bxe4 32. Nd3 Bxd3 1/2-1/2

[Event "Mittelfrank Regionalliga Sud-Ost 2223"]
[Site "Mittelfranken"]
[Date "2023.01.15"]
[Round "5.1"]
[White "Huber, Edwin"]
[Black "Blaskowski, Johannes"]
[Result "1/2-1/2"]
[WhiteElo "2127"]
[BlackElo "2200"]
[PlyCount "50"]
[EventDate "2022.10.09"]
[EventType "team-tourn"]
[EventRounds "9"]
[EventCountry "GER"]
[SourceTitle "EXT 2024"]
[Source "ChessBase"]
[SourceDate "2023.10.10"]
[SourceVersion "1"]
[SourceVersionDate "2023.10.10"]
[SourceQuality "1"]
[WhiteTeam "Ilmmuenster"]
[BlackTeam "Bruckmuehl"]
[WhiteTeamCountry "GER"]
[BlackTeamCountry "GER"]

1. d4 b5 2. e4 Bb7 3. Bd3 e6 4. Nf3 c5 5. c3 a6 6. 0-0 d6 7. Qe2 Nf6 8. Rd1 c4 9. Bc2 Nbd7 10. Bg5 h6 11. Bh4 Be7 12. a4 g5 13. Bg3 Nh5 14. Na3 Nxg3 15. hxg3 Qb6 16. e5 Bd5 17. exd6 Bxd6 18. Nd2 0-0 19. Qh5 Kg7 20. Re1 Nf6 21. Qe2 Qb7 22. Ne4 Nxe4 23. Bxe4 Bxe4 24. Qxe4 Qxe4 25. Rxe4 Rfb8 1/2-1/2

[Event "Mittelfrank Regionalliga Sud-Ost 2223"]
[Site "Mittelfranken"]
[Date "2022.11.27"]
[Round "3.1"]
[White "Reilein, Christian"]
[Black "Blaskowski, Johannes"]
[Result "1/2-1/2"]
[WhiteElo "2154"]
[BlackElo "2200"]
[PlyCount "39"]
[EventDate "2022.10.09"]
[EventType "team-tourn"]
[EventRounds "9"]
[EventCountry "GER"]
[SourceTitle "EXT 2024"]
[Source "ChessBase"]
[SourceDate "2023.10.10"]
[SourceVersion "1"]
[SourceVersionDate "2023.10.10"]
[SourceQuality "1"]
[WhiteTeam "Ergolding"]
[BlackTeam "Bruckmuehl"]
[WhiteTeamCountry "GER"]
[BlackTeamCountry "GER"]

1. Nf3 d6 2. d4 g6 3. e4 Bg7 4. c3 Nf6 5. Bd3 c6 6. 0-0 0-0 7. Re1 Qc7 8. Bg5 e5 9. h3 a5 10. Qd2 Nbd7 11. a4 Re8 12. Bh6 Nf8 13. Bxg7 Kxg7 14. Na3 Be6 15. Qc2 N8d7 16. Ng5 Nb6 17. Rad1 Bd7 18. Nc4 Nxc4 19. Bxc4 Re7 20. dxe5 1/2-1/2

[Event "AUT-chT2W 2223"]
[Site "Austria"]
[Date "2022.11.13"]
[Round "5.2"]
[White "Blaskowski, Johannes"]
[Black "Matt, Fabian"]
[Result "1/2-1/2"]
[WhiteElo "2270"]
[BlackElo "2265"]
[PlyCount "133"]
[EventDate "2022.09.23"]
[EventType "team-tourn"]
[EventRounds "11"]
[EventCountry "AUT"]
[SourceTitle "CBM 213 Extra"]
[Source "ChessBase"]
[SourceDate "2023.05.31"]
[SourceVersion "1"]
[SourceVersionDate "2023.05.31"]
[SourceQuality "1"]
[WhiteTeam "Kufstein/Woergl"]
[BlackTeam "Hohenems II"]
[WhiteTeamCountry "AUT"]
[BlackTeamCountry "AUT"]

1. e4 c6 2. d4 d5 3. Nc3 g6 4. Nf3 Bg7 5. exd5 cxd5 6. Bb5+ Nc6 7. Ne5 Bd7 8. Nxd7 Qxd7 9. 0-0 Nh6 10. Ne2 0-0 11. c3 Nf5 12. Nf4 a6 13. Ba4 b5 14. Bb3 e6 15. Nd3 Rfc8 16. a3 a5 17. Bf4 Nd6 18. Nc5 Qd8 19. Bc2 Bf8 20. Qe2 Rab8 21. b4 Rb6 22. Bxd6 Bxd6 23. Bd3 Rcb8 24. Rab1 axb4 25. axb4 e5 26. Qg4 Ra8 27. Nd7 Rb7 28. Nxe5 Nxe5 29. dxe5 Bxe5 30. Rfd1 Bxc3 31. Qf3 Be5 32. g3 Ra6 33. Be4 Rf6 34. Rxd5 Rd7 35. Rxd7 Qxd7 36. Qd3 Qa7 37. Rf1 Qa4 38. Qb1 Bc3 39. Kg2 Bxb4 40. Qb2 Bc3 41. Qxc3 Qxe4+ 42. f3 Qf5 43. g4 Qf4 44. Rb1 Re6 45. Rxb5 Re2+ 46. Kf1 Re3 47. Rb8+ Qxb8 48. Qxe3 Qxh2 49. g5 h5 50. gxh6 Kh7 51. Qd4 Qxh6 52. Kg2 Qg5+ 53. Kf2 Qe7 54. Kf1 Kh6 55. Kf2 f5 56. Kg3 Qg5+ 57. Kh3 Qh5+ 58. Kg3 Qg5+ 59. Kh3 Qe7 60. Qh8+ Qh7 61. Qf6 Qg8 62. Kg3 Qb8+ 63. Kh3 Qf4 64. Qh8+ Kg5 65. Qd8+ Kh6 66. Qh8+ Kg5 67. Qd8+ 1/2-1/2

[Event "Mittelfrank Regionalliga Sud-Ost 2223"]
[Site "Mittelfranken"]
[Date "2022.10.09"]
[Round "1.1"]
[White "Azemovic, Almir"]
[Black "Blaskowski, Johannes"]
[Result "1/2-1/2"]
[WhiteElo "2086"]
[BlackElo "2200"]
[PlyCount "62"]
[EventDate "2022.10.09"]
[EventType "team-tourn"]
[EventRounds "9"]
[EventCountry "GER"]
[SourceTitle "EXT 2024"]
[Source "ChessBase"]
[SourceDate "2023.10.10"]
[SourceVersion "1"]
[SourceVersionDate "2023.10.10"]
[SourceQuality "1"]
[WhiteTeam "Moosburg"]
[BlackTeam "Bruckmuehl"]
[WhiteTeamCountry "GER"]
[BlackTeamCountry "GER"]

1. e4 c5 2. Nf3 e6 3. Nc3 d6 4. d4 cxd4 5. Nxd4 Nf6 6. Be2 Nc6 7. 0-0 Be7 8. Be3 0-0 9. Qd2 Qc7 10. Rad1 a6 11. Bg5 Rd8 12. a3 Bd7 13. Kh1 Nxd4 14. Qxd4 Bc6 15. f4 h6 16. Bh4 e5 17. fxe5 dxe5 18. Qe3 Rxd1 19. Rxd1 Nxe4 20. Nd5 Bxd5 21. Rxd5 Bxh4 22. Qxe4 Bf6 23. Bd3 g6 24. h4 h5 25. g4 hxg4 26. Qxg4 Rd8 27. Rxd8+ Qxd8 28. h5 Qd4 29. Qxd4 exd4 30. hxg6 fxg6 31. Bxg6 d3 1/2-1/2

[Event "AUT-chT2W 2223"]
[Site "Austria"]
[Date "2022.09.25"]
[Round "3.3"]
[White "Roeberg, Frank"]
[Black "Blaskowski, Johannes"]
[Result "1-0"]
[WhiteElo "2134"]
[BlackElo "2270"]
[PlyCount "20"]
[EventDate "2022.09.23"]
[EventType "team-tourn"]
[EventRounds "11"]
[EventCountry "AUT"]
[SourceTitle "CBM 210 Extra"]
[Source "ChessBase"]
[SourceDate "2022.11.30"]
[SourceVersion "1"]
[SourceVersionDate "2022.11.30"]
[SourceQuality "1"]
[WhiteTeam "Schwarzach"]
[BlackTeam "Kufstein/Woergl"]
[WhiteTeamCountry "AUT"]
[BlackTeamCountry "AUT"]

1. e4 c5 2. Nf3 e6 3. Nc3 Nc6 4. d4 cxd4 5. Nxd4 Qb6 6. Be3 Bc5 7. Ndb5 Bxe3 8. fxe3 Qxe3+ 9. Be2 Rb8 10. Nd6+ Ke7 1-0

[Event "Oberliga Bayern 1920"]
[Site "Bayern"]
[Date "2020.09.20"]
[Round "9.2"]
[White "Blaskowski, Johannes"]
[Black "Goldbeck, Lars"]
[Result "1/2-1/2"]
[WhiteElo "2249"]
[BlackElo "2237"]
[PlyCount "58"]
[EventDate "2019.10.20"]
[EventType "team-tourn"]
[EventRounds "9"]
[EventCountry "GER"]
[SourceTitle "EXT 2022"]
[Source "ChessBase"]
[SourceDate "2021.10.06"]
[SourceVersion "1"]
[SourceVersionDate "2021.10.06"]
[SourceQuality "1"]
[WhiteTeam "Pang/Rosenheim"]
[BlackTeam "Regensburg Bavaria"]
[WhiteTeamCountry "GER"]
[BlackTeamCountry "GER"]

1. e4 d5 2. exd5 Qxd5 3. Nc3 Qd8 4. d4 Nf6 5. Nf3 g6 6. Bc4 Bg7 7. Bf4 0-0 8. Ne2 a6 9. c3 b5 10. Bb3 Bb7 11. Nc1 c5 12. dxc5 Qc8 13. Nd3 Nbd7 14. Be3 Ng4 15. Qe2 Nxe3 16. Qxe3 e5 17. Nb4 Qxc5 18. Rd1 Rad8 19. Bd5 a5 20. Bxb7 axb4 21. 0-0 bxc3 22. bxc3 Qc7 23. Bd5 Nb6 24. Bb3 Rc8 25. Ng5 Bh6 26. h4 Nc4 27. Qg3 Rfd8 28. Rfe1 Bg7 29. h5 Bh6 1/2-1/2

[Event "Oberliga Bayern 1920"]
[Site "Bayern"]
[Date "2019.11.24"]
[Round "3.2"]
[White "Blaskowski, Johannes"]
[Black "Loos, Roland"]
[Result "1-0"]
[WhiteElo "2266"]
[BlackElo "2309"]
[PlyCount "85"]
[EventDate "2019.10.20"]
[EventType "team-tourn"]
[EventRounds "9"]
[EventCountry "GER"]
[SourceTitle "EXT 2021"]
[Source "ChessBase"]
[SourceDate "2020.10.23"]
[SourceVersion "1"]
[SourceVersionDate "2020.10.23"]
[SourceQuality "1"]
[WhiteTeam "Pang/Rosenheim"]
[BlackTeam "Regensburg Post/Sued"]
[WhiteTeamCountry "GER"]
[BlackTeamCountry "GER"]

1. e4 g6 2. d4 Bg7 3. f4 c5 4. dxc5 Qa5+ 5. c3 Qxc5 6. Bd3 d6 7. Qe2 Nf6 8. Be3 Qc7 9. Nf3 0-0 10. Na3 a6 11. 0-0 Nbd7 12. Bd4 e5 13. fxe5 dxe5 14. Bf2 Nc5 15. Nc4 Nh5 16. g3 b5 17. Nb6 Qxb6 18. b4 Bh3 19. Bxc5 Bxf1 20. Rxf1 Qc7 21. Bxf8 Rxf8 22. c4 bxc4 23. Bxc4 Qb6+ 24. Kg2 Qxb4 25. Bxa6 Nf6 26. Bc4 Ng4 27. Nd2 h5 28. h3 Nf6 29. Nf3 Rd8 30. Rf2 Qc3 31. Ng5 Rd7 32. Bb3 Qc1 33. Nxf7 Rxf7 34. Qa6 Qe3 35. Qe6 Qxe4+ 36. Kh2 Qb7 37. Rxf6 Bxf6 38. Qxf6 Kf8 39. Qxf7+ Qxf7 40. Bxf7 Kxf7 41. Kg2 Ke6 42. Kf3 Kd5 43. Ke3 1-0

[Event "AUT-chT2W 1920"]
[Site "Austria"]
[Date "2019.10.04"]
[Round "1.6"]
[White "Blaskowski, Johannes"]
[Black "Lederwasch, Bernhard"]
[Result "1/2-1/2"]
[WhiteElo "2292"]
[BlackElo "2166"]
[PlyCount "47"]
[EventDate "2019.10.04"]
[EventType "team-tourn"]
[EventRounds "11"]
[EventCountry "AUT"]
[SourceTitle "CBM 192 Extra"]
[Source "Chessbase"]
[SourceDate "2019.11.06"]
[SourceVersion "1"]
[SourceVersionDate "2019.11.06"]
[SourceQuality "1"]
[WhiteTeam "Kufstein/Woergl"]
[BlackTeam "Jenbach II"]
[WhiteTeamCountry "AUT"]
[BlackTeamCountry "AUT"]

1. e4 c5 2. Nf3 d6 3. d4 cxd4 4. Nxd4 Nf6 5. Nc3 a6 6. Bg5 e6 7. Qd3 b5 8. f4 Qc7 9. 0-0-0 Nbd7 10. Qf3 b4 11. Nce2 Bb7 12. Ng3 Nc5 13. Bd3 Be7 14. Kb1 0-0 15. Qe2 Na4 16. Nb3 h6 17. Bxf6 Bxf6 18. e5 dxe5 19. Nh5 exf4 20. Nxf6+ gxf6 21. Qg4+ Kh8 22. Qh4 Kg7 23. Qg4+ Kh8 24. Qh4 1/2-1/2

[Event "AUT-chT2W 1819"]
[Site "Austria"]
[Date "2018.10.13"]
[Round "2.4"]
[White "Blaskowski, Johannes"]
[Black "De Visser, Leon"]
[Result "1-0"]
[WhiteElo "2301"]
[BlackElo "2243"]
[PlyCount "117"]
[EventDate "2018.10.12"]
[EventType "team-tourn"]
[EventRounds "11"]
[EventCountry "AUT"]
[SourceTitle "CBM 186 Extra"]
[Source "ChessBase"]
[SourceDate "2018.08.24"]
[SourceVersion "1"]
[SourceVersionDate "2018.08.24"]
[SourceQuality "1"]
[WhiteTeam "Kufstein/Woergl"]
[BlackTeam "Neumarkt"]
[WhiteTeamCountry "AUT"]
[BlackTeamCountry "AUT"]

1. e4 c6 2. d4 d5 3. exd5 cxd5 4. c4 Nf6 5. Nc3 Nc6 6. Nf3 Bg4 7. cxd5 Nxd5 8. Qb3 Bxf3 9. gxf3 e6 10. Qxb7 Nxd4 11. Bb5+ Nxb5 12. Qc6+ Ke7 13. Qxb5 Qd7 14. Nxd5+ Qxd5 15. Qxd5 exd5 16. Be3 Ke6 17. 0-0 Bb4 18. Rac1 Rhd8 19. Rfd1 Ba5 20. Kf1 Bb6 21. Bd4 Bxd4 22. Rxd4 Rac8 23. Re1+ Kd6 24. Ra4 Rd7 25. Ra6+ Rc6 26. Rxc6+ Kxc6 27. Re8 Kc5 28. Ke2 Rb7 29. b3 Kd4 30. Kd2 Rc7 31. f4 Rc6 32. Re7 Ra6 33. a4 Rf6 34. Rxa7 Rxf4 35. Ke2 Kc3 36. a5 d4 37. Rc7+ Kxb3 38. a6 Rf6 39. a7 Ra6 40. Kd3 Kb4 41. Kxd4 g5 42. Rb7+ Ka3 43. Rxf7 h6 44. Rb7 Ra5 45. f3 Ka2 46. Kc4 Ka3 47. h3 h5 48. Kd4 Ka2 49. Ke4 Ka3 50. Rg7 h4 51. Rb7 Ka2 52. Kd4 Ka3 53. Kc4 Ra6 54. Kb5 Ra4 55. Kb6 Kb4 56. Re7 Ka3 57. Kb7 Rb4+ 58. Ka8 Ra4 59. Kb8 1-0

[Event "AUT-chT2W 1819"]
[Site "Austria"]
[Date "2018.10.12"]
[Round "1.4"]
[White "Blaskowski, Johannes"]
[Black "Scheiblmaier, Robert"]
[Result "1-0"]
[WhiteElo "2301"]
[BlackElo "2192"]
[PlyCount "79"]
[EventDate "2018.10.12"]
[EventType "team-tourn"]
[EventRounds "11"]
[EventCountry "AUT"]
[SourceTitle "CBM 186 Extra"]
[Source "ChessBase"]
[SourceDate "2018.08.24"]
[SourceVersion "1"]
[SourceVersionDate "2018.08.24"]
[SourceQuality "1"]
[WhiteTeam "Kufstein/Woergl"]
[BlackTeam "Salzburg ASK"]
[WhiteTeamCountry "AUT"]
[BlackTeamCountry "AUT"]

1. e4 e6 2. d4 d5 3. Nd2 Nf6 4. e5 Nfd7 5. Bd3 c5 6. c3 b6 7. Ngf3 Ba6 8. Bxa6 Nxa6 9. 0-0 Be7 10. Qe2 Nc7 11. c4 0-0 12. Rd1 Qc8 13. b3 f5 14. exf6 Bxf6 15. Bb2 Qb7 16. Nf1 Rae8 17. dxc5 Bxb2 18. Qxb2 Nxc5 19. Ne5 b5 20. Qd4 Ne4 21. f3 Nf6 22. c5 b4 23. Rac1 a5 24. c6 Qa6 25. Rd2 Ra8 26. Ng3 Qa7 27. Ne2 Qxd4+ 28. Nxd4 Rfd8 29. Re2 Rd6 30. Nd3 Re8 31. Rc5 Ra8 32. Rc1 Re8 33. Rce1 g6 34. Nc5 Kf7 35. Nb7 Red8 36. Nxd8+ Rxd8 37. Nxe6 Nxe6 38. Rxe6 Ne4 39. Re5 Kf6 40. c7 1-0

[Event "Oberliga Bayern 1718"]
[Site "Bayern"]
[Date "2018.02.25"]
[Round "7.3"]
[White "Popovic, Dusan"]
[Black "Blaskowski, Johannes"]
[Result "1-0"]
[WhiteElo "2521"]
[BlackElo "2269"]
[PlyCount "85"]
[EventDate "2017.10.22"]
[EventType "team-tourn"]
[EventRounds "9"]
[EventCountry "GER"]
[SourceTitle "EXT 2020"]
[Source "ChessBase"]
[SourceDate "2019.10.17"]
[SourceVersion "1"]
[SourceVersionDate "2019.10.17"]
[SourceQuality "1"]
[WhiteTeam "Deggendorf"]
[BlackTeam "Pang/Rosenheim"]
[WhiteTeamCountry "GER"]
[BlackTeamCountry "GER"]

1. e4 c5 2. Nf3 e6 3. d3 d5 4. Nbd2 b5 5. g3 Bb7 6. Bg2 Nf6 7. 0-0 Be7 8. Re1 0-0 9. e5 Ne8 10. h4 Nc6 11. Nf1 Nc7 12. N1h2 Qe8 13. Bf4 Qd7 14. h5 f5 15. exf6 Bxf6 16. Rb1 Rae8 17. Ng4 Qf7 18. Bd6 Nd4 19. Bxc5 Nxf3+ 20. Qxf3 Be7 21. Qxf7+ Rxf7 22. Bxa7 Bd6 23. Bd4 h6 24. Be5 Rd8 25. Bxd6 Rxd6 26. Ne5 Rf8 27. a3 Rc8 28. c4 bxc4 29. dxc4 Ba6 30. c5 Rdd8 31. a4 d4 32. b4 Nd5 33. b5 Rxc5 34. bxa6 Nc3 35. Nd3 Ra5 36. Rb6 Rxa4 37. Rbxe6 Ra3 38. Bf1 Nd5 39. Re8+ Rxe8 40. Rxe8+ Kf7 41. Rd8 Ke6 42. Nc5+ Ke5 43. f4+ 1-0

[Event "Oberliga Bayern 1718"]
[Site "Bayern"]
[Date "2017.11.26"]
[Round "3.3"]
[White "Ulusoy, Tolga"]
[Black "Blaskowski, Johannes"]
[Result "1/2-1/2"]
[WhiteElo "2082"]
[BlackElo "2269"]
[PlyCount "98"]
[EventDate "2017.10.22"]
[EventType "team-tourn"]
[EventRounds "9"]
[EventCountry "GER"]
[SourceTitle "EXT 2020"]
[Source "ChessBase"]
[SourceDate "2019.10.17"]
[SourceVersion "1"]
[SourceVersionDate "2019.10.17"]
[SourceQuality "1"]
[WhiteTeam "Nuernberg NT II"]
[BlackTeam "Pang/Rosenheim"]
[WhiteTeamCountry "GER"]
[BlackTeamCountry "GER"]

1. e4 c5 2. c3 d5 3. exd5 Qxd5 4. d4 e6 5. Nf3 Nf6 6. Na3 Bd7 7. Nc2 cxd4 8. Qxd4 Nc6 9. Qxd5 Nxd5 10. Ncd4 Nxd4 11. Nxd4 Bc5 12. Bd2 Rc8 13. Bd3 Nb4 14. cxb4 Bxd4 15. Rb1 Bc6 16. f3 Ke7 17. Ke2 Rhd8 18. Rhc1 h6 19. b3 a6 20. Be3 Bxe3 21. Kxe3 Bd5 22. Rc5 Rc6 23. Rbc1 Rb6 24. b5 axb5 25. Rxb5 Rxb5 26. Bxb5 Ra8 27. Rc7+ Kf6 28. Rc2 Ke5 29. Bd3 g5 30. Be4 f5 31. Bxd5 Kxd5 32. f4 gxf4+ 33. Kxf4 e5+ 34. Ke3 Ra6 35. g3 h5 36. Rf2 Ke6 37. Rc2 Kf6 38. h4 Ke6 39. Rc7 Rxa2 40. Rxb7 Rc2 41. Rh7 Rc3+ 42. Kf2 Kd5 43. Rxh5 Ke4 44. Rg5 Rxb3 45. h5 Rb2+ 46. Ke1 Rb6 47. Kf2 Rh6 48. g4 fxg4 49. Kg3 Rf6 1/2-1/2

[Event "Oberliga Bayern 1617"]
[Site "Bayern"]
[Date "2017.04.02"]
[Round "8.4"]
[White "Blaskowski, Johannes"]
[Black "Pohl Kuemmel, Jens Uwe"]
[Result "0-1"]
[WhiteElo "2261"]
[BlackElo "2223"]
[PlyCount "46"]
[EventDate "2016.10.16"]
[EventType "team-tourn"]
[EventRounds "9"]
[EventCountry "GER"]
[SourceTitle "EXT 2019"]
[Source "ChessBase"]
[SourceDate "2018.10.10"]
[SourceVersion "1"]
[SourceVersionDate "2018.10.10"]
[SourceQuality "1"]
[WhiteTeam "Pang/Rosenheim"]
[BlackTeam "Regensburg Post/Sued"]
[WhiteTeamCountry "GER"]
[BlackTeamCountry "GER"]

1. e4 c5 2. Nf3 d6 3. d4 cxd4 4. Nxd4 Nf6 5. Nc3 Nc6 6. Bg5 e6 7. Qd2 a6 8. 0-0-0 h6 9. Bxf6 Qxf6 10. f4 Nxd4 11. Qxd4 Qxf4+ 12. Kb1 Bd7 13. Qb6 Bc6 14. Nd5 exd5 15. exd5 Bd7 16. Bd3 Be7 17. Rde1 Kf8 18. Qxb7 Rd8 19. Re4 Qd2 20. Qc7 f5 21. Rf1 Bf6 22. Qxd6+ Kg8 23. Re2 Qa5 0-1

[Event "Oberliga Bayern 1617"]
[Site "Bayern"]
[Date "2017.03.19"]
[Round "7.2"]
[White "Mischustov, Michael"]
[Black "Blaskowski, Johannes"]
[Result "1/2-1/2"]
[WhiteElo "2313"]
[BlackElo "2261"]
[PlyCount "40"]
[EventDate "2016.10.16"]
[EventType "team-tourn"]
[EventRounds "9"]
[EventCountry "GER"]
[SourceTitle "EXT 2019"]
[Source "ChessBase"]
[SourceDate "2018.10.10"]
[SourceVersion "1"]
[SourceVersionDate "2018.10.10"]
[SourceQuality "1"]
[WhiteTeam "Nuernberg NT"]
[BlackTeam "Pang/Rosenheim"]
[WhiteTeamCountry "GER"]
[BlackTeamCountry "GER"]

1. e4 c5 2. Nf3 e6 3. c3 d5 4. e5 b6 5. d4 Qd7 6. Be3 Ba6 7. Bxa6 Nxa6 8. Qe2 c4 9. b3 cxb3 10. axb3 Nc7 11. 0-0 Ne7 12. Nbd2 Nc6 13. Rfe1 Be7 14. Nf1 0-0 15. Ng3 Na5 16. Nd2 Rfc8 17. Rec1 Ne8 18. Qd3 Nc6 19. Nf3 a5 20. Bg5 h6 1/2-1/2

[Event "Oberliga Bayern 1617"]
[Site "Bayern"]
[Date "2017.02.05"]
[Round "5.4"]
[White "Klebel, Martin"]
[Black "Blaskowski, Johannes"]
[Result "1/2-1/2"]
[WhiteElo "2300"]
[BlackElo "2261"]
[PlyCount "139"]
[EventDate "2016.10.16"]
[EventType "team-tourn"]
[EventRounds "9"]
[EventCountry "GER"]
[SourceTitle "EXT 2019"]
[Source "ChessBase"]
[SourceDate "2018.10.10"]
[SourceVersion "1"]
[SourceVersionDate "2018.10.10"]
[SourceQuality "1"]
[WhiteTeam "Bayern Muenchen II"]
[BlackTeam "Pang/Rosenheim"]
[WhiteTeamCountry "GER"]
[BlackTeamCountry "GER"]

1. d4 b5 2. Nf3 Bb7 3. e3 a6 4. b3 e6 5. Be2 Nf6 6. 0-0 c5 7. Ba3 b4 8. Bb2 d5 9. a3 Nc6 10. axb4 cxb4 11. c4 Bd6 12. Nbd2 0-0 13. Bd3 Ne7 14. Qc2 a5 15. e4 dxe4 16. Nxe4 Nxe4 17. Bxe4 Bxe4 18. Qxe4 Ng6 19. Rfd1 Qc7 20. h4 h6 21. Bc1 Rfd8 22. h5 Nf8 23. Rd3 f5 24. Qe2 Qf7 25. c5 Bc7 26. Nd2 e5 27. dxe5 Rxd3 28. Qxd3 Bxe5 29. Ra2 Rc8 30. Qc4 Qxc4 31. Nxc4 Rxc5 32. Be3 Rd5 33. Nxe5 Rxe5 34. Bb6 Re1+ 35. Kh2 Rb1 36. Rxa5 Rxb3 37. Rxf5 Nd7 38. Ba5 Rb2 39. f3 b3 40. Rb5 Rc2 41. Rxb3 Rc5 42. Bc3 Rxh5+ 43. Kg3 Rg5+ 44. Kf2 Rd5 45. Ke3 Kh7 46. Bd4 Rd6 47. Rb5 Nf6 48. g4 Kg6 49. Ra5 Rc6 50. Ba1 Rd6 51. Kf4 Rd1 52. Ra6 Kf7 53. Be5 Rd5 54. Bc3 Rd3 55. Bxf6 gxf6 56. Ke4 Rd7 57. f4 Kg6 58. Ra8 Re7+ 59. Kf3 Kg7 60. Kg3 Rb7 61. Kh4 Re7 62. Kh5 Rb7 63. Ra5 Rc7 64. Rd5 Rb7 65. Kh4 Kg6 66. Rd8 Kg7 67. Kg3 Kg6 68. Rd6 Rb3+ 69. Kh4 Rb7 70. f5+ 1/2-1/2

[Event "Oberliga Bayern 1617"]
[Site "Bayern"]
[Date "2016.12.04"]
[Round "3.3"]
[White "Mann, Johannes"]
[Black "Blaskowski, Johannes"]
[Result "1/2-1/2"]
[WhiteElo "2157"]
[BlackElo "2261"]
[PlyCount "33"]
[EventDate "2016.10.16"]
[EventType "team-tourn"]
[EventRounds "9"]
[EventCountry "GER"]
[SourceTitle "EXT 2019"]
[Source "ChessBase"]
[SourceDate "2018.10.10"]
[SourceVersion "1"]
[SourceVersionDate "2018.10.10"]
[SourceQuality "1"]
[WhiteTeam "Schweinfurt"]
[BlackTeam "Pang/Rosenheim"]
[WhiteTeamCountry "GER"]
[BlackTeamCountry "GER"]

1. d4 Nf6 2. c4 e6 3. g3 d5 4. Nf3 Ne4 5. Bg2 Be7 6. 0-0 0-0 7. Qc2 c6 8. b3 Nd7 9. Nfd2 Nxd2 10. Nxd2 f5 11. Bb2 Qe8 12. e3 Nf6 13. Rae1 Bd7 14. Nb1 Qh5 15. Ba3 Bxa3 16. Nxa3 Be8 17. Nb1 1/2-1/2

[Event "Oberliga Bayern 1516"]
[Site "Bayern"]
[Date "2016.03.13"]
[Round "8.4"]
[White "Blaskowski, Johannes"]
[Black "Reich, Thomas"]
[Result "1/2-1/2"]
[WhiteElo "2261"]
[BlackElo "2311"]
[PlyCount "83"]
[EventDate "2015.10.11"]
[EventType "team-tourn"]
[EventRounds "9"]
[EventCountry "GER"]
[SourceTitle "EXT 2018"]
[Source "ChessBase"]
[SourceDate "2017.10.13"]
[SourceVersion "1"]
[SourceVersionDate "2017.10.13"]
[SourceQuality "1"]
[WhiteTeam "Pang/Rosenheim"]
[BlackTeam "Bayern Muenchen II"]
[WhiteTeamCountry "GER"]
[BlackTeamCountry "GER"]

1. e4 c5 2. Nf3 g6 3. d4 cxd4 4. Nxd4 Bg7 5. Nc3 Nc6 6. Be3 Nf6 7. Bc4 0-0 8. Bb3 a5 9. f3 d5 10. exd5 Nb4 11. Ndb5 a4 12. Nxa4 Nfxd5 13. Bd2 Bd7 14. Nbc3 Be6 15. Nc5 Qb6 16. Nxe6 fxe6 17. Qe2 Rfd8 18. Kf1 Bxc3 19. Bxc3 Nxc3 20. bxc3 Nd5 21. Re1 Qa6 22. Qxa6 Rxa6 23. Kf2 Kf7 24. Re4 Nxc3 25. Rf4+ Kg7 26. Re1 Rd2+ 27. Kf1 g5 28. Rg4 Kf6 29. h4 h6 30. a4 Rad6 31. hxg5+ hxg5 32. f4 Kf5 33. Rxg5+ Kxf4 34. Rge5 Rd1 35. g3+ Kg4 36. Bxe6+ Kxg3 37. R5e3+ Kf4 38. Rxc3 Rxe1+ 39. Kxe1 Rxe6+ 40. Kf2 b6 41. Rc4+ Kf5 42. Kf3 1/2-1/2

[Event "BL2-Ost 1415"]
[Site "Germany"]
[Date "2015.02.01"]
[Round "8.7"]
[White "Eichner, Sebastian"]
[Black "Blaskowski, Johannes"]
[Result "0-1"]
[WhiteElo "2365"]
[BlackElo "2324"]
[PlyCount "116"]
[EventDate "2014.10.18"]
[EventType "team-tourn"]
[EventRounds "10"]
[EventCountry "GER"]
[SourceTitle "CBM 166 Extra"]
[Source "ChessBase"]
[SourceDate "2015.06.18"]
[SourceVersion "1"]
[SourceVersionDate "2015.06.18"]
[SourceQuality "1"]
[WhiteTeam "Aue Nickelhuette"]
[BlackTeam "Rosenheim Pang"]
[WhiteTeamCountry "GER"]
[BlackTeamCountry "GER"]

1. d4 Nf6 2. c4 d5 3. cxd5 Nxd5 4. e4 Nb6 5. Nc3 g6 6. Be3 Bg7 7. h3 c6 8. Nf3 Be6 9. Ng5 Qc8 10. Rc1 h6 11. Nxe6 Qxe6 12. Be2 0-0 13. 0-0 Rd8 14. a4 Na6 15. Qd3 Nc5 16. Qc2 Bxd4 17. Bxh6 Kh7 18. Bg4 Qb3 19. Be3 Qxc2 20. Rxc2 Ncxa4 21. Nxa4 Nxa4 22. b3 Nb6 23. Bg5 f6 24. Bc1 Kg7 25. Kh2 Nc8 26. Ba3 Nd6 27. f4 Nxe4 28. Re2 f5 29. Bf3 c5 30. g4 Rd6 31. Bxe4 fxe4 32. Rxe4 Ra6 33. Rxe7+ Kf8 34. Rxb7 Rxa3 35. f5 g5 36. h4 Be5+ 37. Kg2 Rb8 38. Rxb8+ Bxb8 39. hxg5 Rxb3 40. Rc1 Bd6 41. Kf2 Rb4 42. Rd1 Rd4 43. Rg1 c4 44. Kf3 c3 45. Rc1 Rf4+ 46. Ke2 Be5 47. Rg1 c2 48. Rc1 Rxg4 49. Rxc2 Rxg5 50. Rc5 Bd4 51. Rd5 Bb6 52. Kf3 Ke7 53. Kf4 Rg1 54. Re5+ Kf7 55. Rb5 Kf6 56. Ke4 Re1+ 57. Kf4 Re5 58. Rxe5 Bc7 0-1